NBA nicknames #1 - Statistics

General Stats
  • This quiz has been taken 55 times
  • The average score is 10 of 25
Answer Stats
Hint Answer % Correct
King James LeBron James
98%
Chef Curry Steph Curry
98%
The beard James Harden
94%
Mail man Karl Malone
86%
Slim Reaper Kevin Durant
82%
Black Mamba Kobe Bryant
82%
The truth Paul Pierce
61%
Flash Dwayne Wade
59%
Great Wall Yao Ming
59%
Jesus Shuttlesworth Ray Allen
55%
Birdman Chris Anderson
41%
Junkyard dog Jerome Williams
33%
Rip Richard Hamilton
31%
Timelord Robert Williams
31%
Mr. Basketball George Mikan
24%
Little General Avery Johnson
22%
Diesel Shaquille O’Neil
14%
Latvian Lazer Davis Bertans
6%
Baby Jordan Harold Miner
6%
Dollar Bill Bill bradley
4%
Garbage Man Cedric Ceballos
4%
Big Nasty Corliss Williamson
4%
Mad Dog Mark Madsen
4%
Bad news Marvin Barnes
4%
Alaskan Assassin Trajon Landon
0%
No matching quizzes found
Score Distribution
Percent of People with Each Score
Percentile by Number Answered
Your Score History
You have not taken this quiz